Die 7 Organe der EU - Statistiken

Allgemein
  • Dieses Quiz wurde 10 mal gespielt
  • Das Durchschnittsergebnis liegt bei 4 aus 7
Antwortstatistiken
Die 7 Organe der EU % Korrekt
Europäisches Parlament
100%
Europäische Kommission
88%
Europäischer Rat
75%
Europäischer Gerichtshof
63%
Rat der Europäischen Union / Ministerrat
63%
Europäische Zentralbank
38%
Europäischer Rechnungshof
0%
Keine übereinstimmenden Quizze gefunden
Verteilung der Resultate
Anzahl Personen mit jedem Resultat
Perzentil nach korrekt beantworteten Fragen
Ihre Resultats-Entwicklung
Sie haben dieses Quiz noch nicht gespielt